00466pam a2200181 a 4500001000800000005001700008008004100025010001700066020001500083040001800098041000800116080001600124082002000140100000700160101000800167245004500175504006400220245516520180215085202.0891122s1991 njua b 001 0 eng  a 89049331  a0136842755 aDLCcDLCdDLC aeng a320.509 BAR00a320.509 BAR2201 a19 aPOL10aPolitical ideologies :cLeon P. Baradat. aIncludes bibliographical references (p. 271-272) and index.